Online
Catalog

Tartarín de tarascón - Tartarín en los Alpes / (Record no. 34526)

MARC details
000 -CABECERA
campo de control de longitud fija 00707nam a2200205 a 4500
001 - NÚMERO DE CONTROL
campo de control 000035035
005 - FECHA Y HORA DE LA ÚLTIMA TRANSACCIÓN
campo de control 20200930074048.0
008 - DATOS DE LONGITUD FIJA--INFORMACIÓN GENERAL
campo de control de longitud fija 111024s1957 sp a 000 0 spa d
040 ## - FUENTE DE LA CATALOGACIÓN
Centro catalogador/agencia de origen DO-SdBNP
Lengua de catalogación spa
Centro/agencia transcriptor BNPHU
082 ## - NÚMERO DE LA CLASIFICACIÓN DECIMAL DEWEY
Número de clasificación xxx
Número de documento/Ítem D238t
100 1# - ENTRADA PRINCIPAL--NOMBRE DE PERSONA
Nombre de persona Daudet, Alphonse,
Fechas asociadas al nombre 1840-1897.
9 (RLIN) 13777
245 10 - MENCIÓN DE TÍTULO
Título Tartarín de tarascón - Tartarín en los Alpes /
Mención de responsabilidad, etc. Alphonse Daudet ; traducción Antonio G. de Linares.
246 11 - FORMA VARIANTE DE TÍTULO
Título propio/Titulo breve Tartarín en los Alpes
260 ## - PUBLICACIÓN, DISTRIBUCIÓN, ETC.
Lugar de publicación, distribución, etc. Madrid :
Nombre del editor, distribuidor, etc. Aguliar,
Fecha de publicación, distribución, etc. 1957.
300 ## - DESCRIPCIÓN FÍSICA
Extensión 484 p. :
Otras características físicas il. ;
Dimensiones 13 cm.
490 1# - MENCIÓN DE SERIE
Mención de serie Crisol
590 ## - NOTA LOCAL (RLIN)
Nota local Perteneció a la biblioteca personal de Juan Isidro Jimenes Grullón
700 1# - PUNTO DE ACCESO ADICIONAL--NOMBRE DE PERSONA
Nombre de persona Linares, Antonio G. de,
Término indicativo de función/relación tr.
9 (RLIN) 60668
830 #0 - PUNTO DE ACCESO ADICIONAL DE SERIE-TÍTULO UNIFORME
Título uniforme Crisol
9 (RLIN) 60669
Holdings
Estado de retiro Estado de pérdida Restricciones de uso No para préstamo Código de colección Localización permanente Ubicación/localización actual Ubicación en estantería Fecha de adquisición Número de inventario Total de préstamos Signatura topográfica completa Código de barras Fecha visto por última vez Precio válido a partir de Tipo de ítem Koha Nota pública
      Excluido de préstamo Raros y valiosos General General En catalogación 24.10.2011 LF1   xxx D238t 35035-10 25.06.2020 25.06.2020 No se presta Perteneció a la biblioteca personal de Juan Isidro Jimenes- Grullón

Powered by Koha